00485nam a22001937a 450000500170000001000130001702000260003003500130005603500170006903700080008603700170009408200060011110000150011724500270013226000310015926000380019027000430022830000200027120140526112215.0 aB-524264 a9780593072493c750.00 aB-524264 aB-529106-110 bUBH bUBH/Venadpl aN aBrown, Dan aInferno/cby Dan Brown aLondonbBantam Pressc2013 aU.K.bTransworld Publishersc2013 a61-63 Uxbridge Road, bLondon eW5 5SA a461p.c24cm(Hb)